LEADER 00971nam0 2200289 450 001 9910312056203321 005 20190318102831.0 010 $a978-88-921-1765-5 100 $a20190318d2018----km y0itay50 ba 101 0 $aita 102 $aIT 105 $ay 001yy 200 1 $aSistemi di rilevazione e misurazione delle performance aziendali$edalla redazione del bilancio di esercizio al controllo di gestione$fValter Cantino, Paola De Bernardi, Alain Devalle 205 $a4. ed. 210 $aTorino$cGiappichelli$dc2018 215 $aXII, 395 p.$d24 cm 700 1$aCantino,$bValter$0116246 701 1$aDe Bernardi,$bPaola$0437016 701 1$aDevalle,$bAlain$0330419 801 0$aIT$bUNINA$gRICA$2UNIMARC 901 $aBK 912 $a9910312056203321 952 $aAZRAG287A$b2025$fDECBC 952 $aAZRAG287B$b2026$fDECBC 959 $aDECBC 996 $aSistemi di rilevazione e misurazione delle performance aziendali$91545367 997 $aUNINA LEADER 01486nam 2200445 450 001 9910220122903321 005 20221027160654.0 010 $a0-8330-4908-9 035 $a(CKB)3170000000065104 035 $a(NjHacI)993170000000065104 035 $a(EXLCZ)993170000000065104 100 $a20220929d2009 uy 0 101 0 $aeng 135 $aur||||||||||| 181 $ctxt$2rdacontent 182 $cc$2rdamedia 183 $acr$2rdacarrier 200 12$aA National Agenda for Public Health Systems Research on Emergency Preparedness /$fJoie Acosta [and six others] 210 1$aSanta Monica, CA :$cRAND Corporation,$d2009. 210 4$dİ2009 215 $a1 online resource (xviii, 108 pages) $cillustrations 225 1 $aTechnical report (Rand Corporation) 320 $aIncludes bibliographical references and index. 410 0$aTechnical report (Rand Corporation) 606 $aDisaster relief$xResearch 606 $aEmergency management 606 $aEmergency medical services 606 $aMedical emergencies 615 0$aDisaster relief$xResearch. 615 0$aEmergency management. 615 0$aEmergency medical services. 615 0$aMedical emergencies. 676 $a616.071 700 $aAcosta$b Joie$01236262 801 0$bNjHacI 801 1$bNjHacl 906 $aBOOK 912 $a9910220122903321 996 $aA National Agenda for Public Health Systems Research on Emergency Preparedness$92936762 997 $aUNINA